000 00889cad a22002175a 4500
001 L153656
008 110815s2009 xxk f 000 0 eng d
035 _a(Sirsi) u153656
041 0 _aeng
050 0 4 _a346.41043 $2 18
110 2 _aUnited Kingdom
_bLand Registry
_94774
245 0 0 _aFirst registrations
_h[electronic resource]
260 _a[S.l]
_bLand Registry
_c2009
490 _aLand Registry Practice Guide
_v(1)
520 _aOutlines the procedure to be followed when applying for first registration of unregistered estates in land.
650 2 4 _aLAND REGISTRATION ACT 2002
651 4 _aEngland and Wales
_y1543-
690 _aPROPERTY-PROPERTY ACQUISITION AND DISPOSAL-REGISTRATION OF TITLE TO PROPERTY-LAND REGISTRATION
856 4 0 _uhttps://www1.landregistry.gov.uk/upload/documents/pg001.html
_zView this document free of charge at www.landreg.gov.uk
942 _n0
999 _c112632
_d112632